Actor's With "L" in Their Name by Picture - Statistics

General Stats
  • This quiz has been taken 174 times
  • The average score is 10 of 15
Answer Stats
Picture Answer % Correct
Scarlett Johansson
91%
Angelina Jolie
89%
Nicolas Cage
87%
Dolly Parton
78%
Tom Holland
78%
Emily Blunt
68%
Gene Wilder
68%
LeBron James
64%
Tommy Lee Jones
59%
Cate Blanchett
58%
Brie Larson
55%
Pedro Pascal
49%
Michelle Williams
39%
Lynda Carter
38%
Alan Cumming
28%
No matching quizzes found
Score Distribution
Percent of People with Each Score
Percentile by Number Answered
Your Score History
You have not taken this quiz